000 00623nam a22001817a 4500
003 UA-OsUOA
001 12669
007 ta
008 20050524b un ||||| |||| 00| 0 ukr d
100 _aІваненко Л.
942 _cSA
040 _aUA-OsUOA
_cUA-OsUOA
_dUA-OsUOA
245 _aНаукове обгрунтування необхідності внесення змін до Закону України "Про захист прав споживачів"
300 _aС.74-78
955 _a0
773 0 _w0
_tПраво України
_dКиїв
_d2005
_gN5
650 7 _aПрава споживача
_2UDC
999 _c298830
_d298830